Statistiques concernant Repères historiques pour le DNB

Cliquez ici pour prendre le quiz!

Statistiques générales

  • Ce quiz a été pris 121 fois
  • Le résultat moyen est 14 sur 19

Statistiques - réponses

HintRéponse% Correct
Première Guerre mondiale1914-1918
97%
Seconde Guerre mondiale1939-1945
94%
Armistice de la Première Guerre mondiale (date complète)11 novembre 1918
87%
Création de l'ONU (année)1945
82%
Election du président de la République au suffrage universel direct (année)1962
82%
Indépendance de l'Algérie (année)1962
82%
Année des révolutions russes1917
80%
Chute du mur de Berlin (année)1989
80%
Victoire et lois sociales du Front Populaire (année)1936
76%
Libération de la France / Rétablissement de la République (IVème) / Droit de vote des femmes (année)1944
75%
Capitulation allemande / Fin de la guerre en Europe (date complète)8 mai 1945
75%
Bombes atomiques lâchées sur Hiroshima et Nagasaki au Japon (mois et année)août 1945
72%
Appel du général de Gaulle (date complète)18 juin 1940
69%
Fondation de la Vème République (année)1958
65%
Election de François Mitterrand et première alternance (année)1981
65%
Traité de Rome (année)1957
63%
Loi Veil sur l'Interruption Volontaire de Grossesse (année)1975
58%
Guerre froide (de l'année du plan Marshall à la fin de l'URSS)1947-1991
49%
Arrivée au pouvoir d'Hitler (date complète)30 janvier 1933
45%

Distribution des résultats

Percentile par nombre de réponses

% des personnes avec chaque résultat

Votre développement - résultats

Vous n’avez pas pris ce quiz